LDR 00679naa#a2200193#i#450# 001 EN\\bibl\120587 005 20260430072709.4 011 ## _a2587-6740 100 ## _a20260415b2026####ek#y0engy0150####ca 102 ## _aRU 200 1# _aRetrospective analysis of agricultural performance of all categories within the Russian Federation's AIC structure _eJournal article 210 1# _aMoscow _cElectronic science _d2026 215 ## _a5 с. 608 ## _aJournal article _2local 675 ## _aАгропромышленный комплекс. 338.436.33 _z 700 #1 _aShaylieva _gMarina Magometovna 700 #1 _aNesterenko _gYulia Nikolaevna 700 #1 _aPopov _gValery Vladimirovich 856 4# _aecience.ru _u